000 00997nam a2200301 i 4500
001 000031771
003 DO-SdBNP
005 20260210104423.0
007 ta
008 110701s1977 dr a 000 p spa d
040 _aDO-SdBNP
_bspa
_cBNPHU
_erda
041 _hspa
082 4 _aRD861.44
_bP426n
_222
100 1 _aPeralta Romero, Rafael,
_d1948-
_eautor
_4aut.
_979774
245 1 0 _aNiño y poesía /
_cRafael Peralta Romero ; ilustraciones, Ivonne Meyer Schotborgh
264 1 _aSanto Domingo :
_bEditora Taller,
_c1977.
300 _a27 páginas :
_bilustraciones ;
_c13 cm.
336 _atexto
_btxt
_2rdacontent
337 _asin mediación
_bn
_2rdamedia
338 _avolumen
_bnc
_2rdacarrier
590 _aInventariado, 2025/DG
590 _aDedicado por el autor.
650 7 _aPoesía dominicana
_2LEMB
650 7 _aLiteratura dominicana
_2LEMB
700 1 _aMeyer schotborgh, Ivonne,
_eilustrador
_4il.
_988982
910 _aDG/Validado. Control de calidad MFF
942 _2ddc
_cLF2
999 _c31263
_d31263